| 000 | 00916nam a2200253Ia 4500 | ||
|---|---|---|---|
| 003 | OSt | ||
| 005 | 20221005112126.0 | ||
| 006 | a|||||r|||| 00| 0 | ||
| 007 | ta | ||
| 008 | 221004b |||||||| |||| 00| 0 pan d | ||
| 020 |
_a8178560879 (hbk) _c140 |
||
| 024 | _a106169 | ||
| 037 |
_b507, 02/02/2011, H.K. Prakashan _cTextual |
||
| 040 |
_aCRL _cCRL _bpan |
||
| 041 |
_2pan _apan |
||
| 082 | _a4,42, 153P3 | ||
| 100 | _aਰੰਧਾਵਾ, ਜਸਪਾਲ ਸਿੰਘ | ||
| 245 | 0 |
_aਟੈਲੀਵਿਗ਼ਨ ਨਾਟਕ _b ਸੀਮਾ ਤੇ ਸੰਭਾਵਨਾਵਾਂ |
|
| 260 |
_aਅਮ੍ਰਿਤਸਰ _bਵਾਰਿਸ ਾਹ ਭਾਰਤ _c2003 |
||
| 300 |
_a112ਪੰ _ccm. |
||
| 650 | _aਪਤਰਕਾਰਿਤਾ | ||
| 942 |
_h4,42, 153P3 _cTEXL _2cc |
||
| 999 |
_c1023896 _d1023896 |
||